000
00246nam a2200097Ia 4500
001
703817
005
20250826162359.0
008
250824s9999 xx 000 0 und d
245
0
_a
YEŞİL TATİL
_c
TURGAY FİŞEKCİ
260
_b
GÜNIŞIĞI YAYINLARI
999
_c
703817
_d
703817